Quantification of latex vessel plugging by the intensity of plugging (Record no. 66183)

MARC details
000 -LEADER
fixed length control field 00406nam a2200133Ia 4500
100 ## - MAIN ENTRY--AUTHOR NAME
Personal name Yeang H Y
245 #0 - TITLE STATEMENT
Title Quantification of latex vessel plugging by the intensity of plugging
260 ## - PUBLICATION, DISTRIBUTION, ETC. (IMPRINT)
Name of publisher Journal of the Rubber Research Institute of Malaysia
Year of publication 1984
300 ## - PHYSICAL DESCRIPTION
Number of Pages 164-169
650 ## - SUBJECT ADDED ENTRY--TOPICAL TERM
Topical Term Latex vessel plugging
700 ## - ADDED ENTRY--PERSONAL NAME
Personal name Daud Mohd Napi
942 ## - ADDED ENTRY ELEMENTS (KOHA)
Koha item type Journals
Holdings
Withdrawn status Lost status Damaged status Not for loan Home library Current library Shelving location Date acquired Serial Enumeration / chronology Koha item type
      Journals RRII Library RRII Library Physiology 17/12/2021 Volume 32, Issue 2 Journals